00810nam a22002657a 4500001000700000003000900007005001700016007000700033008002700040020001500067040002200082082002900104100002600133245007000159260004700229300003000276500006100306500000600367500000600373504003400379650003800413650002300451650002800474700004200502000513DO-SdBNP20240703103224.0000513160902b2001 cl 00| 0 spa d a9780460825 aBPMSUbspacBPMSU 4a306.85 bM389s 20012221 aMarulanda, Ángela. 10aSigamos creciendo con nuestros hijos / bÁngela Marulanda. c  aBogotá : bEditorial Norma, c2001b  a272 p. : bil. ; c24 cm. aIncluye datos de la autora en la solapa de la cubierta. a  a  aBibliografía : p. 267-269  4aEducación para la vida familiar 4aConducta (Ética) 4aEducación en el hogar1 aForero de Francisco, Catalina, ecol.